00653nam a2200181 i 450000100060000000300090000600500170001500700030003200800410003510000300007624500970010626000490020330000220025270000260027485200320030099900170033295201220034975968ES-MaACL20230906172655.0t|040928s1972 sp ||||1| spa d1 aGrisez, Germain G.96008513aEl aborto b: mitos, realidades y argumentos / cGermain G. Grisez ; [tradujo Luis Bittini]. a[Salamanca : bSígueme : bEuropa, c1972] a717 p. ; c21 cm.1 aBittini, Luis.929031 aES-MaACLjC-52061 bR.85250 c75968d75968 00104070aATENEOMbATENEOMcDEPO2d2008-01-17eSCl0oC-52061p1079507r2023-02-23 00:00:00w2023-02-23yMONOGRAFIA